<?xml version="1.0" encoding="UTF-8"?>
<record
    xmlns:xsi="http://www.w3.org/2001/XMLSchema-instance"
    xsi:schemaLocation="http://www.loc.gov/MARC21/slim http://www.loc.gov/standards/marcxml/schema/MARC21slim.xsd"
    xmlns="http://www.loc.gov/MARC21/slim">

  <leader>00767nam a22002417a 4500</leader>
  <controlfield tag="005">20260325113002.0</controlfield>
  <controlfield tag="008">260324b        |||||||| |||| 00| 0 eng d</controlfield>
  <datafield tag="020" ind1=" " ind2=" ">
    <subfield code="a">9789389239010</subfield>
  </datafield>
  <datafield tag="040" ind1=" " ind2=" ">
    <subfield code="c">AL</subfield>
  </datafield>
  <datafield tag="041" ind1=" " ind2=" ">
    <subfield code="a">English</subfield>
  </datafield>
  <datafield tag="082" ind1=" " ind2=" ">
    <subfield code="a">005.41</subfield>
    <subfield code="b">KANC</subfield>
  </datafield>
  <datafield tag="100" ind1=" " ind2=" ">
    <subfield code="a">A Nagoor Kani</subfield>
    <subfield code="9">259268</subfield>
  </datafield>
  <datafield tag="245" ind1=" " ind2=" ">
    <subfield code="a">Control Systems</subfield>
  </datafield>
  <datafield tag="260" ind1=" " ind2=" ">
    <subfield code="a">New Delhi</subfield>
    <subfield code="b">CBS Publishers&amp; Distributors Pvt Ltd</subfield>
    <subfield code="c">2024</subfield>
  </datafield>
  <datafield tag="300" ind1=" " ind2=" ">
    <subfield code="a">xvi,528p.</subfield>
    <subfield code="b">PB</subfield>
    <subfield code="c">24x17cm.</subfield>
  </datafield>
  <datafield tag="365" ind1=" " ind2=" ">
    <subfield code="a">VBI-2645</subfield>
    <subfield code="b">&#x20B9;446.25</subfield>
    <subfield code="c">&#x20B9;</subfield>
    <subfield code="d">&#x20B9;595.00</subfield>
    <subfield code="e">25%</subfield>
    <subfield code="f">20-02-2026</subfield>
  </datafield>
  <datafield tag="650" ind1=" " ind2=" ">
    <subfield code="a">For Anna University EEE/E&amp;I/ICE Courses</subfield>
    <subfield code="9">259200</subfield>
  </datafield>
  <datafield tag="650" ind1=" " ind2=" ">
    <subfield code="a">Systems and Representation</subfield>
    <subfield code="9">259269</subfield>
  </datafield>
  <datafield tag="650" ind1=" " ind2=" ">
    <subfield code="a">Time Response</subfield>
    <subfield code="9">259201</subfield>
  </datafield>
  <datafield tag="650" ind1=" " ind2=" ">
    <subfield code="a">Frequency Response</subfield>
    <subfield code="9">259202</subfield>
  </datafield>
  <datafield tag="650" ind1=" " ind2=" ">
    <subfield code="a">Stability and Compensator Design</subfield>
    <subfield code="9">259203</subfield>
  </datafield>
  <datafield tag="942" ind1=" " ind2=" ">
    <subfield code="2">ddc</subfield>
    <subfield code="c">BK</subfield>
  </datafield>
  <datafield tag="999" ind1=" " ind2=" ">
    <subfield code="c">241050</subfield>
    <subfield code="d">241050</subfield>
  </datafield>
  <datafield tag="952" ind1=" " ind2=" ">
    <subfield code="0">0</subfield>
    <subfield code="1">0</subfield>
    <subfield code="2">ddc</subfield>
    <subfield code="4">0</subfield>
    <subfield code="7">0</subfield>
    <subfield code="8">ECE </subfield>
    <subfield code="a">SE</subfield>
    <subfield code="b">SE</subfield>
    <subfield code="d">2026-03-24</subfield>
    <subfield code="e">Vidyarthi Books</subfield>
    <subfield code="g">446.25</subfield>
    <subfield code="l">0</subfield>
    <subfield code="o">005.41 KANC</subfield>
    <subfield code="p">SE000332</subfield>
    <subfield code="r">2026-03-24 16:36:51</subfield>
    <subfield code="v">595.00</subfield>
    <subfield code="w">2026-02-20</subfield>
    <subfield code="y">BK</subfield>
  </datafield>
</record>
